[Event "Kecskemet op"]
[Site "Kecskemet"]
[Date "1988.03.10"]
[Round "9"]
[White "Soos, Bela"]
[Black "Enders, Peter"]
[Result "0-1"]
[WhiteElo "2365"]
[BlackElo "2430"]
[Annotator "Enders,P"]
[PlyCount "82"]
[EventDate "1988.03.03"]
[EventType "swiss"]
[EventRounds "9"]
[EventCountry "HUN"]
[SourceTitle "EXT 2017"]
[Source "ChessBase"]
[SourceDate "2016.10.25"]
[SourceVersion "1"]
[SourceVersionDate "2016.10.25"]
[SourceQuality "1"]

{SCHACH 5/1988 Seite 19} 1. e4 c5 2. Nf3 d6 3. d4 cxd4 4. Nxd4 Nf6 5. Nc3 e6 6.
Be3 a6 7. f4 Be7 8. Qf3 Qc7 9. O-O-O $2 ({Besser ist} 9. Bd3 {und falls} b5 $2
{so} 10. e5 Bb7 11. exd6 Bxd6 12. Ne4 Be7 13. Nxf6+ Bxf6 14. Be4 {mit klarem
weißen Vorteil.}) 9... b5 10. Bd3 Bb7 11. g4 b4 $1 12. Nce2 (12. Na4 Nfd7 {
nebst Sc6 und der Sa4 steht schlecht.}) 12... Nfd7 13. Kb1 (13. Ng3 Nc5 14. Nh5
Rg8 $1) 13... Nc5 14. g5 Nbd7 15. h4 O-O-O 16. h5 Kb8 17. Ng3 Rc8 18. Rc1 $2 ({
Im Sinne der Verteidigung war} 18. Rh2 {angebracht, um endlich eine
Schwerfigur aus der Diagonale des Lb7 zu entfernen.}) (18. g6 $2 f5) 18... Na4
{Droht Ndc5 nebst Nxb2} 19. Nb3 Ndb6 20. Qf2 (20. f5 $2 e5) 20... Nc4 21. Bxc4
Qxc4 22. Na5 Qb5 23. Nxb7 Kxb7 24. Ne2 (24. Ka1 $2 Rc7 {nebst Thc8 würde Weiß
ohne jedes Gegenspiel lassen.}) 24... Nc3+ $1 25. Nxc3 bxc3 26. b3 Qb4 27. Rcd1
(27. Rce1 Rc4 $1 28. e5 Rd8 $3 29. Rd1 d5 30. f5 Bc5 31. fxe6 fxe6 $1 {und
Schwarz kontrolliert das Geschehen, z.B.} 32. Rhf1 Rd7 {und Weiß hat kein
Spiel.}) 27... Rc4 $2 (27... Qxe4 $1 28. Rhe1 Qf5 $1 29. Rd4 Rc5 $1 {und Weiß
hat keine Kompensation, z.B.} 30. Ra4 ({oder} 30. Rd3 Rc6 31. Bd4 Rhc8 32. Bxg7
Bxg5) 30... Ra5 31. Rb4+ Rb5) 28. Bc1 Rxe4 29. f5 $1 {Plötzlich steht Schwarz
an der Wand.} Rc8 (29... e5 30. g6 $3 {und Schwarz kommt schnell unter die
Räder.}) 30. f6 $1 {[#]} (30. fxe6 fxe6 31. Qf7 Rc7 32. Qxg7 Rg4 33. Qg8 Bxg5
$1 34. Bxg5 Qa3 35. Bc1 Qxc1+ 36. Kxc1 Rxg8 37. Rxd6 {ist unklar.}) 30... gxf6
31. gxf6 Bf8 {[#]} (31... Bd8 32. a3 $3 Qb6 33. Qf3 $1 d5 34. Rhg1 {nebst Rg7
gibt Weiß die Initiative.}) 32. Qg2 $3 d5 33. Qg8 $1 {Phantastisch! Soos kann
die Dame opfern.} Rc7 ({Falls} 33... Bh6 {so} 34. Qxf7+ Rc7 35. Qxc7+ Kxc7 36.
Bxh6 Re5 37. Rhf1 Rf5 38. Rxf5 exf5 39. Rxd5 Qa3 40. Bc1 Qf8 41. Rxf5 {mit
Gewinnstellung.}) 34. Qxh7 $6 (34. h6 $1) 34... Qa5 35. Rhe1 $2 (35. Ka1 $1 {
lässt dem Anziehenden noch immer alle Chancen auf den Sieg.}) (35. h6 $4 Ba3
36. Bg5 $2 (36. Ka1 Bb2+ 37. Bxb2 cxb2+ 38. Kb1 Qc3 39. Rh2 Re1 40. Rh1 Re4 {
wäre remis.}) 36... Ra4 $1 37. Qd3 Bd6 $1 {nebst Rxa2}) 35... Rh4 $2 (35... Ra4
$3 36. bxa4 Ka8 37. Ka1 Rb7 38. Be3 $2 (38. Rxe6 $2 fxe6 39. Qxb7+ Kxb7 40. h6
d4 $3 41. Rxd4 Bxh6) (38. Rxd5 $1 exd5 39. Re8+ Ka7 40. Be3+ Bc5 41. Qd3 {
mit unklarer Lage.}) 38... Rb2 39. Rd4 Qb6 $1 {mit der Drohung Rxa2+}) 36. Rh1
Ra4 37. bxa4 Ka8 38. Qg8 Rb7+ 39. Ka1 Qb4 40. Ba3 Qxa3 41. Rb1 Rb2 0-1

[Event "Dos Hermanas"]
[Site "Dos Hermanas"]
[Date "1996.05.29"]
[Round "7"]
[White "Polgar, Judit"]
[Black "Kasparov, Garry"]
[Result "0-1"]
[WhiteElo "2675"]
[BlackElo "2775"]
[Annotator "Endgame-CD"]
[PlyCount "180"]
[EventDate "1996.05.21"]
[EventType "tourn"]
[EventRounds "9"]
[EventCountry "ESP"]
[EventCategory "19"]
[SourceTitle "CBM 053"]
[Source "ChessBase"]
[SourceDate "1996.08.01"]
[SourceVersion "1"]
[SourceVersionDate "1996.08.01"]
[SourceQuality "1"]

1. e4 {Bologan} c5 2. Nf3 d6 3. d4 cxd4 4. Nxd4 Nf6 5. Nc3 a6 6. f4 e6 7. Qf3
Qb6 8. a3 Nc6 9. Nxc6 bxc6 10. b3 Bb7 11. Bb2 d5 12. Bd3 c5 13. exd5 exd5 14.
O-O-O O-O-O 15. Na4 Qc7 16. Bf5+ Kb8 17. Be5 Bd6 18. Qc3 d4 19. Bxd6 Qxd6 20.
Qxc5 Qxf4+ 21. Kb1 Rd5 22. Rdf1 Qe5 23. Qc4 Rb5 24. Qxf7 Bd5 25. Qxg7 Rg8 26.
Qh6 Bxb3 27. cxb3 Rxb3+ 28. Kc1 Qc7+ 29. Bc2 d3 30. Qf4 Rc8 31. Qxc7+ Rxc7 32.
Rf2 Ne4 33. Rf8+ Ka7 34. Rf7 Rbb7 35. Rxc7 Rxc7 36. Rd1 Rxc2+ 37. Kb1 Rxg2 38.
Rxd3 Rxh2 39. Rd7+ Kb8 40. Re7 Nd2+ 41. Kc1 Nb3+ 42. Kd1 h5 43. Re3 Nd4 44. Nc5
a5 45. Nb3 Nc6 46. Rc3 Kb7 47. Ke1 Kb6 48. Kf1 Rh4 49. Kg2 Nd4 50. Nxa5 Kxa5
51. Rc5+ Kb6 52. Re5 Kc6 53. Kg3 Rh1 54. Kg2 Kd6 55. Ra5 Rh4 56. Kg3 Rg4+ 57.
Kh3 Ne2 58. Rxh5 Rg3+ 59. Kh4 Rxa3 $10 {Bauernlose Endspiele besitzen einen
gewissen Charme. Nicht die Bauernumwandlung, sondern allein die Kraft und
Wendigkeit der Figuren entscheidet die Partie. Nirgendwo sonste lernt man die
Wirkung und das Zusammenspiel der einzelnen Figuren besser kennen. Das
erreichte Endspiel R+N vs R bietet sehr viel weniger theoretische
Gewinnchancen als das vergleichbare Endspiel R+B vs R. Immerhin gibt es
natürlich praktische Gewinnmöglichkeiten und was Schwarz hier zurecht
ermutigen darf, ist die Randstellung des weißen Königs.} 60. Kg4 (60. Rh8 {
verhindert auch nicht, daß der weiße König am Rand festgehalten wird:} Rg3 61.
Re8 Rg2 62. Kh3 Nf4+ 63. Kh4 Rg7 $10 {nebst Se6 und Überführung des Königs.})
60... Ke6 61. Rb5 Rg3+ 62. Kh4 Rg1 63. Rg5 Rf1 64. Ra5 (64. Kg4 Kf6 (64... Rg1+
65. Kh4 Rf1 66. Kg4) 65. Ra5 Rf4+ {und nun Vorsicht:} 66. Kh3 $10 (66. Kh5 $4
Ng3+ 67. Kh6 Rh4+)) 64... Kf6 65. Ra8 Rg1 66. Rf8+ Ke5 67. Re8+ Kf4 68. Rf8+
Ke4 69. Re8+ Kf3 70. Kh5 {Danach gerät der König forciert in die Ecke. Einfach
und hübsch ist folgende Remisidee:} (70. Rf8+ $1 Nf4 71. Rg8 $1 Rh1+ (71...
Rxg8 $10 {Patt!}) 72. Kg5 Rg1+ 73. Kh4 $10 {Solche Wendungen bleiben mit Hilfe
der Endspiel-CD niemals unentdeckt.}) 70... Ng3+ 71. Kh6 {Schenkt Schwarz ein
Tempo.} (71. Kh4 $4 Nf5+ 72. Kh5 (72. Kh3 Rh1#) 72... Ng7+ $19) (71. Kg5 Ne4+
72. Kh6 $10 (72. Kf5 $4 Nd6+ $18) (72. Kh4 Rh1#) (72. Kh5 Nf6+ $19)) (71. Kg6
$142 Ne4+ 72. Kh6 {und jetzt steht der Springer so gut wie nach der
Partiefortsetzung.} (72. Kh7 $4 Nf6+ $19) (72. Kf7 $4 Nd6+)) 71... Nf5+ 72. Kh7
(72. Kh5 $4 Ng7+ $19) 72... Kf4 73. Rb8 (73. Rg8 $4 Rh1+ 74. Kg6 Ne7+ $19)
73... Rg7+ 74. Kh8 {Nun hat Schwarz alles erreicht, was man hier erreichen
kann: Der weiße König ist in die Ecke getreiben worden und steht extrem
gefährdet. Die Stellung ist dennoch theoretisch remis. Aber leicht ist das
weiße Leben wirklich nicht.} Rd7 75. Re8 (75. Rf8 $4 {Danach läßt sich ein
langzügiger Gewinn erzwingen:} Kg5 $8 76. Ra8 Kg6 $8 77. Rg8+ (77. Rb8 Rh7+ 78.
Kg8 Ne7+ 79. Kf8 Rh8+ $19) 77... Kh6 78. Rg1 Rd8+ $8 79. Rg8 Rd3 {Jeder andere
Zug auf der d-Linie gewinnt auch.} 80. Rg1 Rf3 81. Rg4 (81. Kg8 {Würde den
Gewinn beschleunigen:} Ne7+ 82. Kh8 Rf8+ $19) 81... Ne7 82. Rh4+ Kg6 (82... Kg5
$4 83. Rh6 $3 Ng6+ 84. Kg7 (84. Kh7 $4 Rf7+ 85. Kg8 Kf6 $18) 84... Ra3 85. Rh1
Ra7+ 86. Kg8 Kf6 87. Rf1+ $10) 83. Rg4+ Kf7 84. Rg7+ Kf8 $19 {Es droht Rh3 und
Sg6}) 75... Kg5 76. Re6 {Bologan: [#] If Black manages to put the knight on
'f6' then his position is winning. But how to do that? If the knight is going
away from his king then White starts checking. So it's important at the moment
Black moves his knight that White has no any check.} Nd4 77. Re1 (77. Rb6 Re7 (
77... Kf5 78. Kg8 Ne6 79. Rb1 Kg6 80. Rg1+ Ng5 81. Kf8 $10) 78. Kg8 Ne6 79. Rb1
Kg6 80. Rg1+ Ng5 81. Kf8 $1 $10) 77... Kf6 78. Rd1 $6 (78. Rf1+ {sieht am
einfachsten aus:} Nf5 (78... Ke7 79. Kg7 $10) 79. Kg8 Rg7+ 80. Kf8 (80. Kh8 $4
Rg2 81. Kh7 Rg5 82. Kh8 Kf7 83. Rh1 Rg2 84. Rh3 Rf2 85. Kh7 Ne7 86. Kh6 Rf5 87.
Kh7 Ng8 88. Rh1 Rg5 89. Rh2 Nf6+ 90. Kh8 Rg8#) 80... Ra7 81. Ke8 $10) 78... Rd5
$1 {Droht Rh5 mit Gewinn, wogegen es nur eine Verteidigung gibt.} 79. Ra1 $4 (
79. Rh1 $4 Nf3 80. Rh6+ Kf7 81. Rh7+ Kg6 (81... Kf8 $4 82. Ra7 $10) 82. Rg7+
Kf6 83. Rg4 (83. Rg8 $2 Rh5#) 83... Ng5 {Nach anderen Zügen dauert es sehr
viel länger.} 84. Rf4+ Kg6 85. Kg8 Ne6 86. Rg4+ Kf6 87. Kh7 Ng5+ 88. Kh6 Nf7+
89. Kh7 Rh5+ 90. Kg8 Rh8#) (79. Rf1+ $1 $8 Nf5 {und nun ist entweder der
schwarze König oder der Turm and den Springer gebunden und die
Figurenaufstellung läßt sich nicht optimieren.} 80. Rf2 Rd4 (80... Kg6 81. Rg2+
Kf7 82. Rf2 Rd8+ 83. Kh7 Kf6 84. Rf1 $10) 81. Kg8 $1 $10 {Läßt den König nicht
nach f7.} (81. Rh2 $4 Kf7 82. Rh1 Rf4 83. Rh7+ Kf8 84. Rh3 Ne7 85. Kh7 Kf7 86.
Rh1 Ng8 87. Rh3 Rg4 88. Rh1 Nf6+ 89. Kh8 Rg8#)) 79... Ne6 $1 $8 80. Ra6 Kf7 81.
Ra7+ Kg6 82. Ra8 Rd7 83. Rb8 Rc7 84. Kg8 Rc5 85. Ra8 Rb5 86. Kh8 Rb7 87. Rc8 {
Für Liebhaber von Endspielstudien: Diese Stellung finden Sie in Centurini 1850,
La Regence.} Nc7 (87... Rb6 {ist die Gewinnidee, es droht Kf7} 88. Kg8 Ng5 {
Der Turmzug auf die sechtse Reihe hat den Springer beweglich gemacht.} 89. Kf8
Re6 $8 90. Kg8 Nh7 91. Kh8 Nf6 92. Rf8 Re7 $19) 88. Rg8+ Kh6 89. Rg1 {erlaubt
dem schwarzen einen anderen Gewinnweg.} (89. Rf8 $142 {und nun ist Schwarz
gezwungen, die richtige Idee Tb6 und Überführung des Springers nach f6 zu
finden.}) 89... Rb8+ 90. Rg8 Ne8 (90... Ne8 {Bologan} 91. Rf8 Kg6 92. Rg8+ Kf7
93. Rg1 Nf6+ 94. Rg8 Rxg8#) 0-1

[Event "Sao Paulo m"]
[Site "Sao Paulo"]
[Date "1996.??.??"]
[Round "4"]
[White "Milos, Gilberto"]
[Black "Polgar, Judit"]
[Result "0-1"]
[WhiteElo "2605"]
[BlackElo "2665"]
[Annotator "Ernst,T"]
[PlyCount "58"]
[EventDate "1996.11.29"]
[EventType "match"]
[EventRounds "4"]
[EventCountry "BRA"]
[SourceTitle "CBM 056"]
[Source "ChessBase"]
[SourceDate "1997.02.01"]
[SourceVersion "1"]
[SourceVersionDate "1997.02.01"]
[SourceQuality "1"]

1. e4 c5 2. Nf3 d6 3. d4 cxd4 4. Nxd4 Nf6 5. Nc3 a6 6. Be3 e6 (6... e5 7. Nf3
Qc7 8. a4 Be7 9. a5 O-O 10. Be2 Nbd7 11. O-O b5 12. axb6 Nxb6 13. Qd3 Rb8 $1
14. Nd2 Rd8 15. Nc4 Nxc4 16. Qxc4 Qxc4 {1/2-1/2 Nisipeanu,L-Stangl,M/
Balatonbereny 1996}) 7. f4 b5 8. Qf3 Bb7 9. Bd3 Nbd7 10. g4 h6 $1 (10... Nc5
11. g5 b4 12. gxf6 bxc3 13. fxg7 Bxg7 14. b4 $1 Nxd3+ 15. cxd3 Rc8 16. Rg1 Bf6
17. Rc1 Qb6 18. Nxe6 Qxb4 19. Ng7+ Kd8 20. Qh5 $16 {1-0 Huebner,R-Browne,W/
Chicago 1982 (33)}) (10... b4 11. Nce2 Nc5 (11... e5 12. Nb3 d5 13. Ng3 Qc7 14.
O-O-O $13 {Pritchett,C-Morrison,G/Troon 1984/1-0 (54)}) 12. Ng3 Qc7 (12... Rc8
13. g5 Nfd7 14. h4 e5 15. Nb3 exf4 16. Bxf4 Ne6 $13 {1/2-1/2 Chandler,M-Timman,
J/London 1984 (43)}) (12... d5 13. e5 Nfe4 {0-1 Aronian,L-Sandler,L/Erevan olm
1996 (46)}) (12... Nfd7 13. O-O (13. O-O-O g6 14. Rhf1 Bg7 15. f5 Ne5 16. Qe2
O-O 17. Kb1 Re8 18. Rf2 Rc8 19. Rdf1 d5 20. Nxe6 Nxe6 21. fxe6 Rxe6 22. Bc1 {
1-0 Chandler,M-Ribli,Z/London 1984 (37)}) 13... g6 14. a3 bxa3 15. b4 Nxd3 16.
cxd3 Bg7 17. Rxa3 O-O 18. Ra2 e5 19. Ndf5 $6 (19. Nde2 d5 $132) 19... exf4 20.
Bxf4 Ne5 $2 {1-0 Ehlvest,J-Ftacnik,L/Polanica Zdroj 1995 (43)/CBM 49} (20...
gxf5 $1)) 13. O-O Nfd7 (13... g6 14. f5 exf5 15. Ndxf5 gxf5 16. Bd4 {1-0 Short,
N-Lukov,V/Erevan 1984 (36)}) 14. a3 bxa3 15. b4 Nxd3 16. cxd3 Be7 17. Rfc1 Qb8
18. Rxa3 O-O 19. g5 Rc8 20. Rf1 Bf8 21. h4 d5 22. Rb3 dxe4 23. Nxe4 Bd5 {
0-1 Chandler,M-Olafsson,H/Reykjavik op 1984 (35)}) 11. a3 (11. g5 $2 hxg5 12.
fxg5 Ne5) (11. h4 h5 12. gxh5 (12. g5 Ng4 13. O-O-O) 12... Nc5 13. a3 Rc8 14.
Rh2 Rxh5 15. f5 e5 16. Nde2 Rh8 17. Bg5 Be7 18. Ng3 Qb6 19. Be3 b4 20. Na4
Nxd3+ 21. cxd3 {1/2-1/2 Banas,J-Yudasin,L/Trnava 1983 (47)}) (11. O-O-O Rc8 12.
Nce2 (12. g5 hxg5 13. fxg5 Ne5 14. Qg2 Nfg4 15. Bf4 b4 16. Nce2 Be7 {0-1 Lanc,
A-Mokry,K/Trnava 1984 (32)}) (12. Nb3 Rxc3 13. bxc3 Qa8 14. Nd2 d5 15. Qg3 dxe4
16. Be2 {0-1 Banas,J-Jansa,V/Trnava 1987 (42)}) 12... Nc5 13. Ng3 Nxd3+ 14.
Rxd3 g6 15. Rf1 h5 $1 16. gxh5 Nxh5 17. f5 exf5 18. Ndxf5 gxf5 19. Nxf5 Rh7 {
0-1 Kupreichik,V-Tukmakov,V/URS-FL Ashkhabad 1978 (38)}) 11... Rc8 12. O-O (12.
Bf2 g6 13. f5 Qe7 14. Rg1 Ne5 15. Qe2 g5 16. a4 b4 17. Na2 a5 {1/2-1/2 Czebe,
A-Wallace,J/Budapest FS02 GM 1995 (37)}) 12... Be7 (12... Rxc3 13. bxc3 Nc5 14.
Nb3 Nfxe4 15. Bxc5 Nxc5 16. Qe3 Qb6 17. Nxc5 d5 18. Qe5 Bxc5+ 19. Kg2 d4+ 20.
Kh3 Qc6 21. Qe2 dxc3 $17 {1/2-1/2 Coudari,C-Kastner,J/New York MCC 1980 (36)})
13. Rae1 (13. g5 $2 Ne5 $1) 13... g5 $5 {><e5 Wer greift am Königsflügel
eigentlich an?} 14. f5 (14. fxg5 Ne5 15. Qh3 (15. Qf4 hxg5 16. Qxg5 Rg8 $19)
15... Nfxg4) 14... Ne5 15. Qh3 $6 (15. Qg3 $5) 15... Kd7 $5 16. Be2 h5 $1 (
16... Nxe4 {Is good enough}) 17. fxe6+ fxe6 18. gxh5 g4 19. Qg2 Rxc3 $1 (19...
Rxh5) 20. bxc3 Bxe4 21. Qf2 Nxh5 {/\g4-g3} 22. Bf4 g3 23. hxg3 Nxf4 24. Qxf4
Rh1+ 25. Kf2 Rh2+ 26. Ke3 Bg5 27. Kxe4 Bxf4 28. gxf4 Rh3 29. Nxe6 Kxe6 $138 0-1

[Event "Candidates FIDE f2"]
[Site "Sanghi Nagar"]
[Date "1995.??.??"]
[Round "1"]
[White "Kamsky, Gata"]
[Black "Salov, Valery"]
[Result "1-0"]
[WhiteElo "2710"]
[BlackElo "2715"]
[Annotator "Ftacnik,L"]
[PlyCount "139"]
[EventDate "1995.02.??"]
[EventType "match"]
[EventRounds "7"]
[EventCountry "IND"]
[SourceTitle "CBM 045"]
[Source "ChessBase"]
[SourceDate "1995.04.01"]
[SourceVersion "1"]
[SourceVersionDate "1995.04.01"]
[SourceQuality "1"]

1. e4 c5 2. Nf3 e6 3. d4 cxd4 4. Nxd4 Nf6 5. Nc3 d6 6. f4 Be7 7. Bd3 Nc6 8. Nf3
a6 (8... O-O 9. a3 $5 Nd7 10. O-O b6 11. b4 Bb7 12. Bb2 Rc8 13. Qe1 a5 $5 14.
Nb5 e5 15. Rd1 $1 axb4 16. axb4 exf4 17. Be2 Ncb8 18. c4 Bxe4 19. Nxd6 Bxd6 20.
Rxd6 Qe7 21. Qc3 $44 {Shabalov,A-Ehlvest,J/New York/1993/1-0 (45)}) 9. a3 b5
10. O-O Bb7 11. b4 $5 O-O 12. Bb2 (12. Qe1 Nd7 13. Bb2 Bf6 14. Rd1 Nd4 15. e5
Nxf3+ 16. gxf3 dxe5 17. Ne4 Bh4 18. Qc3 Rc8 19. Nc5 Qe7 20. Bxh7+ Kxh7 21. Rxd7
Rxc5 22. Qxc5 Qxd7 23. Qxf8 Be7 24. Qb8 {Janosevic,D-Ciric,D/Sarajevo/1967/0.5
(33)}) 12... a5 (12... Qb6+ 13. Kh1 Ng4 14. Qe2) (12... e5 13. Nd5 exf4 14.
Nxf4 Ne5 15. Nxe5 dxe5 16. Bxe5 Re8 17. Bb2 Nxe4 18. Nh5 Qb6+ 19. Kh1 Nf2+ 20.
Rxf2 Qxf2 21. Qg4 g6 22. Rg1 Qh4 23. Qd7 Qxh5 24. Qxb7 {Kosten,A-Smirin,I (3)/
Tilburg3.11 (30')/1992/0-1 (54)}) 13. Nxb5 axb4 14. a4 (14. axb4 Qb6+ 15. Kh1
Nxb4 $15) 14... d5 $1 15. e5 Ne4 16. Kh1 Nc5 (16... Qb6 17. Bxe4 dxe4 18. Nd2
$36) 17. f5 exf5 18. Nfd4 Nxe5 $6 (18... Nxa4 $5 19. Rxa4 (19. Nxc6 Nxb2 (19...
Bxc6 20. Bd4 g6 $17) 20. Nxd8 Nxd1 21. Rxa8 Bxa8 22. Rxd1 Rxd8 23. Bxf5 g6 $17)
19... Rxa4 20. Nxf5 g6 $17) 19. Nxf5 Ncxd3 (19... Bf6 $5 20. Nfd6 Ncxd3 21.
cxd3 Bc6 22. Qb3 $13) 20. cxd3 f6 $6 (20... Bf6 21. Rb1) 21. Qe1 Bc8 (21...
Nxd3 $2 22. Qg3 $18) 22. Nbd4 Rf7 (22... Re8 23. Qg3 Bxf5 24. Nxf5 Ng6 25. h4
Qb8 26. Qg4 $40) 23. Qg3 Kh8 24. Rae1 Rxa4 25. Nxe7 (25. Rxe5 $2 fxe5 26. Nc6
Qf8 27. Ncxe7 Qxe7 $19) 25... Qxe7 (25... Rxe7 26. Rxe5 $1 Rxe5 (26... fxe5 27.
Nc6 Qe8 28. Nxe7 Qxe7 29. Qxe5 Be6 30. Re1 Ra8 31. Qxe6 Qxe6 32. Rxe6 $18) 27.
Nc6 Qg8 28. Nxe5 (28. Bxe5 fxe5 29. Ne7 $2 Qf7 $1) 28... fxe5 29. Qxe5 Be6 30.
Qd6 (30. Rf6 Bf7 31. Rb6 Ra8 32. h4 $16) 30... Ra8 31. Qxb4 $16) 26. Nc6 Nxc6 (
26... Qd7 27. Nxe5 fxe5 28. Rxf7 Qxf7 29. Qxe5 Bd7 30. Qb8+ Qg8 31. Bxg7+ $1
Kxg7 32. Re7+ Kf6 (32... Kh6 33. Qf4+ Qg5 34. Qf8+ $18) 33. Qe5+ Kg6 34. Rxd7
Ra6 35. h4 Kh6 36. Qf4+ Kh5 37. Rxh7+ $18) 27. Rxe7 Nxe7 28. Qc7 Be6 29. Qd6 (
29. Re1 $5 Ng8 (29... Ra2 30. Qb8+ Ng8 31. Qxb4 $16) 30. Qc6 Bd7 (30... Ra2 31.
Bd4 Bf5 32. Qxd5 $18) 31. Qxd5 Nh6 $16) 29... Bg4 30. h3 Bh5 31. Re1 Ng8 32.
Qxd5 $2 (32. Re8 $1 Rfa7 (32... h6 33. Qd8 $18) 33. Rxg8+ Kxg8 34. Qxd5+ Rf7 (
34... Bf7 $2 35. Qd8+ Be8 36. Qxe8#)) 32... Bg6 33. Re8 h6 34. Rb8 (34. Qd8 Bh7
) 34... Raa7 35. Qd8 (35. Rxb4 Rfd7 $10) 35... Bh7 36. d4 Rab7 37. Rxb7 (37. d5
Rxb8 38. Qxb8 Rd7 39. d6 b3 40. Qxb3 Rxd6 $13) 37... Rxb7 38. d5 Bf5 39. d6 b3
40. Qe8 Kh7 $2 (40... Rd7 $5 41. g4 $140 Rxd6 42. gxf5 Rd1+ 43. Kg2 Rd2+ 44.
Kg3 Rxb2 $13) 41. g4 $1 Rd7 (41... Bd7 $2 42. Qe4+ Kh8 43. Qxb7 $18) (41... Bg6
42. Qc6 Rb8 43. d7 Ne7 44. Qc7 $18) 42. gxf5 Rxd6 43. Qe3 Ne7 44. Qxb3 (44.
Qxe7 Rd1+ 45. Kg2 Rd2+ 46. Kg3 Rxb2 $14) 44... Nxf5 45. Qc2 Rd5 46. Bc3 Rc5 47.
Qd3 Kg6 (47... Kg8 48. Kg2 Kf7) 48. Kg1 Kf7 49. Bb4 Re5 50. Qc4+ Kg6 51. Bc3
Re3 52. Bd2 Re5 53. Bf4 Re7 54. Kf2 h5 (54... Re8 55. Bd2 h5) 55. Qd3 Re8 56.
Kf3 Re6 57. Qb1 Ra6 58. Qg1+ Kf7 59. Ke4 Ra5 (59... Nd6+ 60. Kd5 Nf5 61. Qc5)
60. Qd1 Ne7 $2 (60... Kg6 61. Qd7 Nh6 $5 $13 62. Bxh6 $140 Re5+ 63. Kf4 Kxh6
64. Qf7 Rg5 $10) 61. Qb3+ Rd5 (61... Kg6 62. Qe6 Ra4+ 63. Kf3 Ra7 64. Be3 Rc7
65. Qe4+ Kf7 66. Qh7 $18) 62. Bd6 $1 (62. Qxd5+ Nxd5 63. Kxd5 g5 $10) 62... Kg6
63. Qa3 (63. Bxe7 Re5+ 64. Kf4 Rxe7 $10) 63... Kf7 64. Qb4 (64. Bxe7 Re5+ 65.
Kf4 Rxe7 $10) 64... g5 (64... Rg5 65. Qb7 $18) 65. Qc4 Kg6 66. Qc7 f5+ 67. Kf3
Rd3+ 68. Ke2 Re3+ 69. Kf2 (69. Kxe3 $2 Nd5+ $10) 69... Kf6 (69... Nd5 70. Qc6
Rd3 71. Be5+ Kf7 72. Qd7+ $18) 70. Qd8 (70. Qd8 f4 71. Qf8+ $18) 1-0